000
00237nam a22001097a 4500
082
_a
515.7 TIT'T
100
_a
TITCMARSH, E.C
_9
77806
245
_a
THE THEORY OF FUNCTIONS
260
_a
LONDON
_b
ENG
_c
1939
300
_a
454P
942
_c
BK
999
_c
583018
_d
583018